01305nab a22002417a 4500003000400000005001700004008004100021040000700062100002400069245014300093260007300236300001300309500007300322505020500395505011000600505008900710650002900799650003000828650002700858650002100885700002300906773013400929OSt20260130210933.0190603e xxum|||| |||| 00| 0 spa d cPJ aVenini, Guillermina10aNuevamente el nombre reparando derechos fundamentales de la persona humana :blos justos motivos /cGuillermina Venini, Agustín Venini.  cCiudad Autónoma de Buenos Aires :aThomson Reuters La Ley, b2025. ap. 87-98 aCita: TR LALEY AR/DOC/2268/2025 Publicado en: RCCyC 2025 (Octubre). aSumario: I. Los hechos.— II. Nombre: atributo de la personalidad y derecho humano.— III. Nombre, identidad y justos motivos.— IV. El caso. La violencia y el abandono.— V. Reflexiones finales.  aFallo comentado: Unidad Procesal N° 10 de San Carlos de Bariloche ~ 03/07/2025 ~ P. H. N. Y. s/ nombre. t¿Te interesa el texto completo? Solicitalo al correo: koha@justierradelfuego.gov.ar 0aCODIGO CIVIL Y COMERCIAL 0aDERECHOS PERSONALÍSIMOS 0aDERECHO A LA IDENTIDAD 0aCAMBIO DE NOMBRE aVenini, Agustín 0 02713dCiudad Autónoma de Buenos Aires : Thomson Reuters La Ley, 2015-tRevista Código Civil y Comercial. Nº 5 - Octubre 2025